000 00505nam a2200145 i 4500
001 60599
003 ES-MaACL
007 t|
008 031105s1907 fr ||||1| fre d
245 0 0 _aSelect essays in anglo-american legal history /
_cby various authors ; compiled and edited by a commitee of the Association of American Law Schools.
260 _aBoston :
_b[s.n.,
_c1907] (
_fS.J. Parkhill & CÂș)
300 _a3 v. ;
_c25 cm.
710 2 _aAmerican Law Schools.
_91364
852 _aES-MaACL
_jB-517-519
999 _c60599
_d60599